Histoire de France : Associez la reine ou première dame à son époux - Statistiques

Statistiques générales
  • Ce quiz a été pris 112 fois
    101 depuis la dernière actualisation
  • Le résultat moyen est 11 sur 18
Statistiques - réponses
Hint Réponse % Correct
Nicolas Sarkozy Carla Bruni Tedeschi
90%
Louis XVI Marie-Antoinette d'Autriche
82%
Napoléon Ier Joséphine de Beauharnais
78%
Louis XIV Marie-Thérèse d'Autriche
78%
Jacques Chirac Bernadette Chodron de Courcel
76%
Charles de Gaulle Yvonne Vendroux
73%
Clovis Ier Clotilde de Burgondie
69%
Pépin le Bref Bertrade de Laon
66%
Henri IV Marie de Médicis
66%
Napoléon III Eugénie de Montijo
64%
Louis XIII Anne d'Autriche
60%
Henri II Catherine de Médicis
60%
François II Marie Stuart
55%
Charles VIII puis Louis XII Anne de Bretagne
54%
François Ier Claude de France
51%
Louis VIII Blanche de Castille
48%
Louis VII Aliénor d'Aquitaine
45%
Louis VI Adélaïde de Savoie
37%
Aucun quiz correspondant
Distribution des résultats
% des personnes avec chaque résultat
Percentile par nombre de réponses
Votre historique - résultats
Vous n’avez pas pris ce quiz depuis la dernière actualisation